Computer and library services / (Record no. 83717)

MARC details
000 -LEADER
fixed length control field 00910nam a22002537a 4500
005 - DATE AND TIME OF LATEST TRANSACTION
control field 20180308122849.0
010 ## - LCCN (DPL NO)
LC control number ENG-109784
020 ## - INTERNATIONAL STANDARD BOOK NUMBER
International Standard Book Number 9789382730057
Terms of availability 995.00
035 ## - SYSTEM CONTROL NUMBER
System control number EN-93317
035 ## - SYSTEM CONTROL NUMBER
System control number B-537207-211
035 ## - SYSTEM CONTROL NUMBER
System control number B-667694
037 ## - SOURCE OF ACQUISITION
Source of stock number/acquisition DBAD/PUB
037 ## - SOURCE OF ACQUISITION
Source of stock number/acquisition K.K.Pub/Ven
Stock number dpl
082 ## - DEWEY DECIMAL CLASSIFICATION NUMBER
Classification number 025.00285
100 ## - MAIN ENTRY--PERSONAL NAME
Personal name Roybole, Sanjay D.
245 00 - TITLE STATEMENT
Title Computer and library services /
Statement of responsibility, etc by Sanjay D. Roybole
260 ## - PUBLICATION, DISTRIBUTION, ETC. (IMPRINT)
Place of publication, distribution, etc Kanpur
Name of publisher, distributor, etc Garima Prakashan
Date of publication, distribution, etc 2013
270 ## - ADDRESS
Address 1st floor, Mayur Park, Basant Vihar Naubasta
City Kanpur
Postal code 208021
300 ## - PHYSICAL DESCRIPTION
Extent 304p.
Dimensions 22cm(Hb)
500 ## - GENERAL NOTE
General note Includes bibliographical references and index
942 ## - ADDED ENTRY ELEMENTS (KOHA)
Source of classification or shelving scheme Dewey Decimal Classification
Item type English Books
Call number suffix ROY
Classification part 025.00285
Holdings
Withdrawn status Lost status Not for loan Collection code Home library Current library Date acquired Source of acquisition Cost, normal purchase price Full call number Barcode Copy number Cost, replacement price Koha item type
      Non-fiction Ashok Vihar Ashok Vihar 08/03/2018 KKP/278/24.2.2017/420/15.2.2017/17.3.2017 995.00 025.00285 ROY B-667694 1 995.00 English Books
    Not For Loan Reference Central Library Central Library 31/10/2014 K.K.Pub/BL3710/31.03.2014/146/25.03.2014/31.03.2014 995.00 025.00285 ROY B-537207 1 995.00 English Books
    Not For Loan Non-fiction D.B.Act.Division D.B.Act.Division 24/04/2014 DBAD/PUB 995.00 025.00285 ROY EN-93317 1 995.00 English Books
      Non-fiction Karol Bagh Karol Bagh 31/10/2014 K.K.Pub/BL3710/31.03.2014/146/25.03.2014/31.03.2014 995.00 025.00285 ROY B-537210 1 995.00 English Books
      Non-fiction Patel Nagar Patel Nagar 31/10/2014 K.K.Pub/BL3710/31.03.2014/146/25.03.2014/31.03.2014 995.00 025.00285 ROY B-537208 1 995.00 English Books
      Non-fiction Sarojini Nagar Sarojini Nagar 31/10/2014 K.K.Pub/BL3710/31.03.2014/146/25.03.2014/31.03.2014 995.00 025.00285 ROY B-537209 1 995.00 English Books
      Non-fiction Shahdara Branch Shahdara Branch 31/10/2014 K.K.Pub/BL3710/31.03.2014/146/25.03.2014/31.03.2014 995.00 025.00285 ROY B-537211 1 995.00 English Books

© Delhi Public Library
Hit Counter
free hit counter